El Trabajo infantil y adolescente doméstico en Costa Rica /
| Korporativní autor: | |
|---|---|
| Médium: | Kniha |
| Jazyk: | španělština |
| Vydáno: |
San José, Costa Rica :
OIT,
2003
|
| Témata: |
MARC
| LEADER | 00000nam a2200000 4500 | ||
|---|---|---|---|
| 008 | 191217b2003 cr ||||| |||| 00| | spa d | ||
| 999 | |c 3847 |d 3847 | ||
| 020 | |a 9223132754 | ||
| 090 | |a 13.09.02 |b 740 | ||
| 110 | |9 1240 |a Oficina Internacional del Trabajo | ||
| 245 | 1 | 3 | |a El Trabajo infantil y adolescente doméstico en Costa Rica / |c OIT |
| 260 | |a San José, Costa Rica : |b OIT, |c 2003 | ||
| 300 | |a 198 páginas | ||
| 650 | 1 | 4 | |9 1864 |a TRABAJO DE MENORES |
| 650 | 1 | 4 | |9 2382 |a TRABAJO DOMESTICO |
| 942 | |i 001224,00875 |h 13.09.02 740 |2 z |c 01 | ||
